| 000 | 00569nam a22001817a 4500 | ||
|---|---|---|---|
| 005 | 20170517111257.0 | ||
| 010 | _aENG-118188 | ||
| 020 |
_a9789384275204 _c995.00 |
||
| 035 | _aEN-101720 | ||
| 037 | _bDBAD/PUB | ||
| 082 | _a954.0841 | ||
| 100 | _aSharma, Lalit | ||
| 245 |
_aNorth eastern participation of indian independence / _cby Lalit Sharma and Hement Deori |
||
| 260 |
_aIndia _bNE BOOKS AND PUBLISHERS _c2017 |
||
| 270 | _aNational Highway Silchar- 788005 Assam, India | ||
| 300 |
_a269p. _c23cm. (Hb) |
||
| 942 |
_2ddc _cEN _h954.0841 _mSHA |
||
| 999 |
_c139987 _d139987 |
||